00322 a2200097 4500001001000000005001700010008004100027245002700068100002400095773010500119ART_2595220260410161935.0260409a 10aLas cosechas mundiales1 aAlemann, Roberto T.0 tAnales de la Academia Nacional de Ciencias Económicasg- Vol. XLVIII, (2003) (ene. 2004)wREV25596